000 00901 a2200289 4500
001 200003007
999 _c200003007
_d19934
003 TR-AnTOB
005 20241125111745.0
008 110218e2010 tu 000 0
020 _a9789758362936
040 _aTR-AnTOB
041 _atur
050 0 0 _aLA948N432009
090 _aLA948 N43 2009
245 1 0 _aNeden yeni bir yükseköğretim vizyonu? /
_cÜstün Ergüder , Mehmet Şahin , Tosun Terzioğlu, Öktem Vardar.
264 1 _aİstanbul :
_bİstanbul Politikalar Merkezi,
_c2009.
300 _a88 s. :
_bgrf. ;
_c33 cm.
610 2 7 _aYükseköğretim Kurulu (Türkiye)
_2
_972983
650 0 _aEducation, Higher
_zTurkey
_xTurkey
_954753
650 0 _aEğitim, Yüksek
_zTürkiye
_981935
700 1 _aErgüder, Üstün
_972979
700 1 _aŞahin, Mehmet
_972980
700 1 _aTerzioğlu, Tosun
_972981
700 1 _aVardar, Öktem
_972982
942 _cBK